000 00291nam a2200121 a 4500
008 110107s1974|||| d
245 1 0 _aŽivotopis Fridricha Engelsa
100 1 _aIľjičová, L. F.
260 _bPravda
_aBratislava
_c1974
020 _c32
044 _axo
_cSK
041 _aslo
999 _c15548
_d15548